000 00305 a2200145 4500
001 179914
020 _a
040 _cMagnum
100 _a-
240 1 0 _aA viagem inesquecivel/edelbra
_lpor
245 1 0 _aA viagem inesquecivel/edelbra
362 0 _a1899
697 _aMAGNITO: I/GERAL
942 _cBK
999 _c179914
_d179914